000 00810nam a22002777a 4500
001 0011832
003 DO-SdBNP
005 20180213151422.0
007 0011832
008 161128b 1990 sp a ||||| |||| 00| 0 spa d
020 _a9788434811386
040 _aBPMSU
_bspa
_cBPMSU
082 _axxxxxxxx
_bxxxxxxxx
100 1 _aWilson, Eric
245 1 _aPesadilla en vancúver /
_cEric Wilson ; traducción Pedro Barbadillo ; ilustración Tom McNeely
250 _a10a ed.
260 _aMadrid :
_bS. M.
_c1990.
300 _a161 p. :
_bil.,
_c19 cm.
490 1 _aEl barco de vapor
_v38
700 1 _aBarbadillo, Pedro,
_etr.
700 1 _aMcNeely, Tom,
_eil.
830 0 _aEl barco de vapor
_v38
942 _2ddc
_cBK
945 _aInventariado, 2018 / YL
956 _aBTAVÁREZ
_b10
_c20161128
_d0011832
999 _c12123
_d12123